000 00573nam a2200229Ia 4500
008 180523s9999 xx 000 0 und d
020 _a1-932531-10-6
050 _aMAIN HF 5438.25
050 _b.K46 2004
100 _aKennedy, Dan
245 4 _aThe Ultimate guide to business success /
245 0 _cDan Kennedy.
260 _aNew York :
260 _bEntrpreneur Press.
260 _c2004
300 _a284 pages :
300 _billustrations ;
300 _c19 cm.
500 _aIncludes index.
650 _aSelling.
650 _xSuccess in business.
999 _c357106
_d357106